01115cam a2200313 a 4500001000500000005001700005020001800022040002300040050002400063082001200087100002400099245007800123260003400201300003900235490003000274500002900304505000800333520021300341521002000554521002000574650001900594650002000613650002900633650003300662650002900695650002000724650002600744700003100770146020230908145636.0 a9780439137607 aDLCcDLCdDLCbeng00aPZ7.O81167bTi 199900aFic2211 aOsborne, Mary Pope.10aTigers at twilight /cby Mary Pope Osborne ; illustrated by Sal Murdocca. aNew York :bScholasticc1999. a71 pages :billustrations ;c20 cm aMagic Tree HousevBook 19 a"A Stepping Stone book." aK  aHaving used their magic tree house to travel to India, where they must get a gift to help free the dog Teddy from a spell, Jack and Annie have adventures involving a tiger and other endangered jungle animals. a510 bLexile  aK bRaz-Plus  1aDogsvFiction. 1aTigervFiction. 1aJungle animalsvFiction. 1aEndangered speciesvFiction. 1aSpace and timevFiction. 1aMagicvFiction. 1aTree housesvFiction.1 aMurdocca, Saleillustrator